Animals in the Sociologies of Westermarck and Durkheim

This book explores why animals, at some point, disappeared from the realm and scope of sociology. The role of sociology in the construction of a science of the 'human' has been substantial, building representations of the human sphere of life as unique. Within the sociological tradition ho...

Full description

Bibliographic Details
Main Author: Tuomivaara, Salla (Author, http://id.loc.gov/vocabulary/relators/aut)
Corporate Author: SpringerLink (Online service)
Format: Electronic eBook
Language:English
Published: Cham : Springer International Publishing : Imprint: Palgrave Macmillan, 2019.
Edition:1st ed. 2019.
Series:The Palgrave Macmillan Animal Ethics Series
Subjects:
Online Access:Full Text via HEAL-Link
LEADER 03817nam a2200517 4500
001 978-3-030-26863-3
003 DE-He213
005 20191025051700.0
007 cr nn 008mamaa
008 190904s2019 gw | s |||| 0|eng d
020 |a 9783030268633  |9 978-3-030-26863-3 
024 7 |a 10.1007/978-3-030-26863-3  |2 doi 
040 |d GrThAP 
050 4 |a BJ1-1725 
072 7 |a HPQ  |2 bicssc 
072 7 |a PHI005000  |2 bisacsh 
072 7 |a QDTQ  |2 thema 
082 0 4 |a 170  |2 23 
100 1 |a Tuomivaara, Salla.  |e author.  |4 aut  |4 http://id.loc.gov/vocabulary/relators/aut 
245 1 0 |a Animals in the Sociologies of Westermarck and Durkheim  |h [electronic resource] /  |c by Salla Tuomivaara. 
250 |a 1st ed. 2019. 
264 1 |a Cham :  |b Springer International Publishing :  |b Imprint: Palgrave Macmillan,  |c 2019. 
300 |a XV, 261 p.  |b online resource. 
336 |a text  |b txt  |2 rdacontent 
337 |a computer  |b c  |2 rdamedia 
338 |a online resource  |b cr  |2 rdacarrier 
347 |a text file  |b PDF  |2 rda 
490 1 |a The Palgrave Macmillan Animal Ethics Series 
505 0 |a 1. Why study the roots of exclusion of animals in sociology? -- 2. The era of Westermarck and Durkheim: sociology and society -- 3. Common interests and debates between Durkheim and Westermarck -- 4. Diversity of animals in Durkheim's and Westermarck's texts -- 5. Different animals of Westermarck and Durkheim -- 6. Uses of animals in early sociology -- 7. Different Others of Westermarck and Durkheim -- 8. Different ideas of humans of Durkheim and Westermarck -- 9. Conclusion. 
520 |a This book explores why animals, at some point, disappeared from the realm and scope of sociology. The role of sociology in the construction of a science of the 'human' has been substantial, building representations of the human sphere of life as unique. Within the sociological tradition however, animals have often been invisible, even non-existent. Through in-depth comparisons of the texts of prominent early sociologists Emile Durkheim and Edward Westermarck, Tuomivaara shows that despite this exclusion, representations of animals and human-animal relations were far more varied in early works than in the later sociological cannon. Addressing a significant gap in the interdisciplinary field of animal studies, Tuomivaara presents a close reading of the historical treatment of animals in the works of Durkheim and Westermarck to determine how the human-animal boundary was established in sociological theory. The diverse forms in which animals and 'the animal' appear in the works of early classical sociology are charted and explored, alongside the sociological themes that bring animals into these texts. Situated in contemporary theory, from critical animal studies to posthumanism, this important book lays the groundwork for a disciplinary shift away from this sharp human-animal dualism. 
650 0 |a Ethics. 
650 0 |a Sociology. 
650 0 |a Animal welfare. 
650 1 4 |a Ethics.  |0 http://scigraph.springernature.com/things/product-market-codes/E14000 
650 2 4 |a Moral Philosophy.  |0 http://scigraph.springernature.com/things/product-market-codes/E41000 
650 2 4 |a Sociology, general.  |0 http://scigraph.springernature.com/things/product-market-codes/X22000 
650 2 4 |a Animal Welfare/Animal Ethics.  |0 http://scigraph.springernature.com/things/product-market-codes/H67010 
710 2 |a SpringerLink (Online service) 
773 0 |t Springer eBooks 
776 0 8 |i Printed edition:  |z 9783030268626 
776 0 8 |i Printed edition:  |z 9783030268640 
776 0 8 |i Printed edition:  |z 9783030268657 
830 0 |a The Palgrave Macmillan Animal Ethics Series 
856 4 0 |u https://doi.org/10.1007/978-3-030-26863-3  |z Full Text via HEAL-Link 
912 |a ZDB-2-REP 
950 |a Religion and Philosophy (Springer-41175)